[Event "Oberliga NRW 8889 I"]
[Site "Germany"]
[Date "1989.??.??"]
[Round "7"]
[White "Federau, Juergen1111"]
[Black "Rathmer, Karl"]
[Result "1/2-1/2"]
[WhiteElo "1780"]
[BlackElo "1845"]
[PlyCount "52"]
[EventDate "1988.10.??"]
[EventType "team"]
[EventRounds "9"]
[EventCountry "GER"]
[SourceTitle "EXT 1997"]
[Source "ChessBase"]
[SourceDate "1996.11.15"]
[SourceVersion "1"]
[SourceVersionDate "1996.11.15"]
[SourceQuality "1"]
[WhiteTeam "Stolberg"]
[BlackTeam "Suedlohn"]
[WhiteTeamCountry "GER"]
[BlackTeamCountry "GER"]

1. d4 e6 2. e3 b6 3. f4 Nf6 4. Nf3 Ba6 5. Bxa6 Nxa6 6. Qe2 Nb4 7. c3 Nc6 8. e4 d5 9. e5 Ne4 10. Nbd2 Nxd2 11. Bxd2 g6 12. 0-0 Qd7 13. Rac1 Na5 14. Rfd1 c5 15. b3 c4 16. Rb1 Be7 17. Be1 Rc8 18. b4 Nc6 19. Ra1 Bd8 20. Bh4 Bxh4 21. Nxh4 h5 22. Nf3 Ne7 23. a4 a6 24. Ng5 Nf5 25. Re1 Kf8 26. Kf2 Kg7 1/2-1/2